| 000 | 00598nam a2200181Ia 4500 | ||
|---|---|---|---|
| 008 | 090123s9999 xx 000 0 und d | ||
| 082 |
_b12916 _a891.463/केणेक |
||
| 100 | _aकेणेकर मुक्ता | ||
| 245 | _aअंधाराची कावड | ||
| 250 | _a1 | ||
| 260 |
_bदिलिप प्रकाशन _c1980 |
||
| 300 | _a145 | ||
| 600 | _aकेणेकर मुक्ता | ||
| 630 | _aअंधाराची कावड | ||
| 700 | _aकेणेकर मुक्ता | ||
| 730 | _aअंधाराची कावड | ||
| 942 | _cBOOK | ||
| 999 |
_c50979 _d50979 |
||